• 首页
  • 本馆介绍
  • 公告通知
  • 最新文献
  • 馆藏检索
  • 电子资源
  • 读者导购
  • 参考咨询
  • 我的图书馆
  • 登录
  • 详细信息显示
  • 放入我的书架
  • 预约/预借图书
  • 作者相关作品
  • 分类相关作品
  • 丛书相关作品
  • 出版社相关作品

书目信息

  • 表格格式
  • 工作单格式
  • 卡片格式
题名:
国家司法考试法条、考点、题解辅导全书
    
 
作者: ;学习考试用书研发中心 著
分册:   商法
出版信息: 北京   清华大学出版社  2013
页数: 12,480页
开本: 26cm
丛书名:
单 册:
中图分类: D9 , D923.990.4
科图分类:
主题词: 法律--考核--自学参考资料 , 商法--中国--考核--自学参考资料 , 法律 , 商法
电子资源:
ISBN: 978-7-302-31247-5
000 01296nam0 22002771 450
001 519
005 20140905101450.92
010    @a978-7-302-31247-5@dCNY78.00
100    @a20130910d2013 em y0chiy50 ea
101 0  @achi
102    @aCN@b110000
105    @ay z 000yy
106    @ar
200 1  @a国家司法考试法条、考点、题解辅导全书@AGuo Jia Si Fa Kao Shi Fa Tiao、 Kao Dian、 Ti Jie Fu Dao Quan Shu@i商法@IShang Fa@f学习考试用书研发中心编著@FXue Xi Kao Shi Yong Shu Yan Fa Zhong Xin Bian Zhu
210    @a北京@c清华大学出版社@d2013
215    @a12,480页@d26cm
330    @a本书囊括了考试中所有元素,把“考点、法条、同步、真题、模拟”五个模块合为一,有机地串联并融于一体,集司法考试之大成,可以说迄今为止司法考试辅导书中最为全面的一本书。本书严格遵照考试大纲的要求和考查范围,全面解读教材和相关法条,全面理解和掌握司法考试的重点、难点,精编的同步习题加深理解和记忆,往年真题详解和掌握命题思路,考试易错易混点比较和列举。一册在手,学遍所有,使考生省时省力省钱。
606 0  @a法律@x考核@j自学参考资料
606 0  @a商法@y中国@x考核@j自学参考资料
606 0  @a法律
606 0  @a商法
690    @aD9@v5
690    @aD923.990.4@v5
711 02 @a学习考试用书研发中心@AXue Xi Kao Shi Yong Shu Yan Fa Zhong Xin@4著
801  0 @aCN@bTANGWEI@c20140603
905    @b0836817-19@dD9@e470@f3
    
    国家司法考试法条、考点、题解辅导全书.商法/学习考试用书研发中心编著.-北京:清华大学出版社,2013
    12,480页;26cm
    
    
    ISBN 978-7-302-31247-5:CNY78.00
    本书囊括了考试中所有元素,把“考点、法条、同步、真题、模拟”五个模块合为一,有机地串联并融于一体,集司法考试之大成,可以说迄今为止司法考试辅导书中最为全面的一本书。本书严格遵照考试大纲的要求和考查范围,全面解读教材和相关法条,全面理解和掌握司法考试的重点、难点,精编的同步习题加深理解和记忆,往年真题详解和掌握命题思路,考试易错易混点比较和列举。一册在手,学遍所有,使考生省时省力省钱。
●
相关链接 在E读中查询图书 在五车中查询图书 在当当中查询图书 在豆瓣中查询图书


正题名:国家司法考试法条、考点、题解辅导全书     索取号:D9/470         预约/预借

序号 登录号 条形码 馆藏地/架位号 状态 备注
1 0836817   208368176   第一样本阅览室/ [索取号:D9/470] 在馆    
2 0836818   208368185   密集书库-史法系/ [索取号:D9/470] 在馆    
3 0836819   208368194   第一借阅区/ [索取号:D9/470] 在馆    
唐山师范学院图书馆 欢迎您!
大连网信软件有限公司© 版权所有